00896nam a2200241 a 450000100060000000300080000600500170001400800410003103500200007204000270009204100080011908200250012710000200015224500390017226000460021130000280025760000410028570000250032694200120035199900170036395201360038095201380051665607BD-RJUL20211209081438.0170308s1965 enk b 000 0 eng d a(BD-RJUL) 65737 aDLCcDLCdBD-RJULbeng aeng 223a812.52bARO 1965 aArthur 919409610aO'Neill /cArthur And Barbara Gelb aNew York :bDell Publishing,cc1960[1965] a970 p. :bill. ;c21 cm10aO'Neill, Eugene,d1888-1953.9215805 qBarbara Gelb9194098 2ddccBK c65607d65607 00102ddc40718NFICaRUCLbRUCLcReadingd1990-11-03eShaukat Osmanl0o812.52 ARO 1965r2017-03-08 00:00:00tC-1w2021-12-09yBK 00102ddc40708NFICaRUCLbRUCLcStackd1964-04-07eZeitlingerg55.00l0o812.52 ARO 1962r2017-05-25 00:00:00tC-2w2017-05-25yBK